000
00275nam a2200121Ia 4500
008
190216s9999||||xx |||||||||||||| ||und||
100
_a
Allama Ibn Seerin
245
0
_a
Thabeern-Al-Raa
260
_b
Buklab Mathuifadin-Bairoot
300
_a
103
650
_a
Arabic
942
_c
BK
999
_c
465
_d
465